书目信息 |
| 题名: |
2005年全国硕士研究生入学考试形势与政策
|
|
| 作者: | 王顺生 编 | |
| 分册: | ||
| 出版信息: | 北京 新华出版社 2004 |
|
| 页数: | 174页 | |
| 开本: | 23cm | |
| 丛书名: | ||
| 单 册: | ||
| 中图分类: | D643 | |
| 科图分类: | ||
| 主题词: | 政治--中国 | |
| 电子资源: | ||
| ISBN: | 7-5011-6380-4 | |
| 000 | 00646nam0 2200205 450 | |
| 001 | 0653666202 | |
| 005 | 20070723181256.59 | |
| 010 | @a7-5011-6380-4@dCNY15.00 | |
| 100 | @a20061012d2004 km y0chiy0120 ea | |
| 101 | 0 | @achi |
| 102 | @aCN@b110000 | |
| 200 | 1 | @a2005年全国硕士研究生入学考试形势与政策@A2005 nian quan guo shuo shi yan jiu sheng ru xue kao shi xing shi yu zheng ce@f王顺生等编@Fwang shun sheng deng bian |
| 205 | @a修订版 | |
| 210 | @a北京@c新华出版社@d2004 | |
| 215 | @a174页@d23cm | |
| 606 | 0 | @a政治@x中国 |
| 690 | @aD643@v3 | |
| 701 | 0 | @a王顺生@Awang shun sheng@4编 |
| 801 | 0 | @aCN@bPFT@c20070723 |
| 905 | @a10447@dD643@e107=2 | |
| 2005年全国硕士研究生入学考试形势与政策/王顺生等编.-修订版.-北京:新华出版社,2004 |
| 174页;23cm |
| ISBN 7-5011-6380-4:CNY15.00 |
| ● |
| 相关链接 |
|
|
|
|
正题名:2005年全国硕士研究生入学考试形势与政策
索取号:D643/107=2
 
预约/预借
| 序号 | 登录号 | 条形码 | 馆藏地/架位号 | 状态 | 备注 |
| 1 | 0501797 | 205017970 | 密集书库/ [索取号:D643/107=2] | 在馆 | |
| 2 | 0782738 | 207827388 | 密集书库/ [索取号:D643/107=2] | 在馆 | |
| 3 | 0782941 | 207829411 | 密集书库/ [索取号:D643/107=2] | 在馆 |